Khổng tử

में बचाया:
ग्रंथसूची विवरण
मुख्य लेखक: Nguyễn, Hiến Lê
स्वरूप: पुस्तक
भाषा:Undetermined
प्रकाशित: Hà Nội Văn hóa 1992
विषय:
टैग : टैग जोड़ें
कोई टैग नहीं, इस रिकॉर्ड को टैग करने वाले पहले व्यक्ति बनें!
Thư viện lưu trữ: Trung tâm Học liệu Trường Đại học Cần Thơ
LEADER 00487nam a2200169Ia 4500
001 CTU_5257
008 210402s9999 xx 000 0 und d
082 |a 181.09512 
082 |b L250 
100 |a Nguyễn, Hiến Lê 
245 0 |a Khổng tử 
245 0 |c Nguyễn Hiến Lê 
260 |a Hà Nội 
260 |b Văn hóa 
260 |c 1992 
650 |a confucius and confucianism,philosophy, chinese 
980 |a Trung tâm Học liệu Trường Đại học Cần Thơ